[Event "RLNO_Kareth1-Gunzenhausen1"]
[Site "?"]
[Date "2004.11.28"]
[Round "3.3"]
[White "Justen Detlef"]
[Black "Seidl Juergen"]
[Result "1/2-1/2"]
[WhiteElo "2143"]
[BlackElo "2154"]
[PlyCount "57"]
[EventDate "2004.??.??"]
[Source "www.chesslib.no"]
[SourceDate "2004.05.04"]

1. d4 f5 2. Qd3 e6 3. e4 fxe4 4. Qxe4 Nf6 5. Qh4 b6 6. Bd3 Nc6 7. c3 Ne7 8. Bg5 Nf5 9. Qh3 Bb7 10. Nf3 Be7 11. Nbd2 Nd5 12. Bxf5 exf5 13. Qxf5 Bxg5 14. Qxg5 Qxg5 15. Nxg5 Nf4 16. O-O Nxg2 17. f3 Nh4 18. Rae1+ Kf8 19. Re3 Re8 20. Rxe8+ Kxe8 21. Re1+ Kf8 22. Kf2 h6 23. Nge4 Kf7 24. Nc4 Bc8 25. Ne5+ Kg8 26. Ng3 Kh7 27. Re4 Ng6 28. Nxg6 Kxg6 29. Rg4+ 1/2-1/2

[Event "Bad Bevensen (25.06.-03.07)"]
[Site "?"]
[Date "2005.06.29"]
[Round "4.13"]
[White "Packroff Hermann"]
[Black "Korn Juergen-Christof"]
[Result "1/2-1/2"]
[WhiteElo "2229"]
[BlackElo "2050"]
[PlyCount "45"]
[EventDate "2005.??.??"]
[Source "www.chesslib.no"]
[SourceDate "2004.05.04"]

1. d4 f5 2. Qd3 d5 3. g4 e5 4. dxe5 Nc6 5. g5 Nxe5 6. Qe3 Qe7 7. Bg2 Ng4 8. Qxe7+ Nxe7 9. Nf3 Nc6 10. h3 Nge5 11. Nxe5 Nxe5 12. Bxd5 c6 13. Bg2 Bc5 14. Nd2 O-O 15. Nb3 Bb6 16. e3 f4 17. exf4 Ng6 18. Be3 Nxf4 19. Bf1 Be6 20. O-O-O Bd5 21. Rg1 Rae8 22. Nd4 Re4 23. b3 1/2-1/2

[Event "FRA-chT3 Gr4 0203"]
[Site "?"]
[Date "2002.12.08"]
[Round "?"]
[White "Perruchoud Francois"]
[Black "Daumens Michel"]
[Result "1/2-1/2"]
[WhiteElo "2030"]
[BlackElo "2239"]
[PlyCount "64"]
[EventDate "2002.??.??"]
[Source "www.chesslib.no"]
[SourceDate "2004.05.04"]

1. d4 f5 2. Qd3 d5 3. g3 Nf6 4. Bg2 e6 5. Nf3 Bd6 6. O-O O-O 7. b3 b6 8. Ne5 Ba6 9. c4 c6 10. Ba3 Bxa3 11. Nxa3 Qd6 12. Nb1 Nbd7 13. Nxd7 Nxd7 14. Nd2 Rac8 15. Rac1 e5 16. c5 Bxd3 17. cxd6 Bxe2 18. Rfe1 exd4 19. Rxe2 Nf6 20. Re7 c5 21. Re5 Ne4 22. Nb1 Rcd8 23. Rxd5 Nxd6 24. Re1 Kf7 25. Nd2 Kf6 26. Rde5 Ne4 27. Rxf5+ Kxf5 28. Bxe4+ Kf6 29. Bd3 h6 30. Ne4+ Kf7 31. Bc4+ Kg6 32. Bd3 Kf7 1/2-1/2

[Event "Slovaquie (championnat equipes)"]
[Site "?"]
[Date "2003.11.29"]
[Round "26.8"]
[White "Pekar Karol"]
[Black "Marsina Stefan"]
[Result "1-0"]
[WhiteElo "2166"]
[BlackElo "2070"]
[PlyCount "87"]
[EventDate "2003.??.??"]
[Source "www.chesslib.no"]
[SourceDate "2004.05.04"]

1. d4 f5 2. Qd3 g6 3. e4 d6 4. Nf3 c6 5. e5 dxe5 6. dxe5 Qxd3 7. Bxd3 Nd7 8. O-O Nh6 9. Bc4 b5 10. Bb3 Nc5 11. Be3 Nxb3 12. axb3 a6 13. b4 Be6 14. Nc3 Bg7 15. Bc5 Nf7 16. Rfe1 Nd8 17. Nd4 Kf7 18. f4 Re8 19. Bb6 Bd5 20. Nxd5 cxd5 21. Nxb5 Ne6 22. Nc3 Nxf4 23. g3 Ne6 24. Nxd5 Rec8 25. c3 Ng5 26. Kg2 Ne4 27. Bd4 Rd8 28. Nc7 Rac8 29. Nxa6 Rd5 30. e6+ Kf8 31. Bxg7+ Kxg7 32. Rad1 Rxd1 33. Rxd1 Kf6 34. b5 Kxe6 35. b6 Nc5 36. Nc7+ Kf7 37. Rd5 Nb7 38. c4 Rd8 39. Rxd8 Nxd8 40. b4 e5 41. c5 Ke7 42. b5 Kd7 43. c6+ Kc8 44. Na6 1-0

[Event "Budapest HUN"]
[Site "?"]
[Date "2004.06.09"]
[Round "5"]
[White "Nielsen Jan-Mose"]
[Black "Salewski Bernd"]
[Result "1/2-1/2"]
[WhiteElo "2108"]
[BlackElo "2111"]
[PlyCount "55"]
[EventDate "2004.??.??"]
[Source "www.chesslib.no"]
[SourceDate "2004.05.04"]

1. d4 f5 2. Qd3 d5 3. Bg5 c6 4. Nc3 Qb6 5. O-O-O e6 6. f3 Bb4 7. e4 Bxc3 8. Qxc3 h6 9. Bf4 Ne7 10. Bd6 Qd8 11. Qa3 Nd7 12. Bd3 Nb6 13. b3 Bd7 14. Nh3 Nbc8 15. Rde1 Nxd6 16. Qxd6 O-O 17. exf5 Nxf5 18. Bxf5 Rxf5 19. Nf4 Qg5 20. g3 Rd8 21. Kb1 Qf6 22. Qb4 Bc8 23. h4 Re8 24. Qd2 e5 25. Rh2 Bd7 26. dxe5 Rfxe5 27. Rhe2 Kf7 28. Nd3 1/2-1/2

[Event "Corr"]
[Site "?"]
[Date "2002.02.20"]
[Round "?"]
[White "Gallet Gilles"]
[Black "Callow Christopher"]
[Result "1/2-1/2"]
[WhiteElo "2173"]
[BlackElo "2005"]
[PlyCount "47"]
[EventDate "2002.??.??"]
[Source "www.chesslib.no"]
[SourceDate "2004.05.04"]

1. d4 f5 2. Qd3 d5 3. c4 e6 4. g3 c5 5. cxd5 Qxd5 6. Nf3 cxd4 7. Qxd4 Qxd4 8. Nxd4 Bd7 9. Bg2 Nc6 10. Nc2 Nf6 11. Nc3 Be7 12. O-O e5 13. Rd1 O-O-O 14. b3 Be6 15. Bb2 Rxd1+ 16. Rxd1 Rd8 17. Rxd8+ Kxd8 18. e4 fxe4 19. Nxe4 Bf5 20. Nxf6 gxf6 21. Ne3 Bb1 22. a3 Nd4 23. b4 b6 24. f4 1/2-1/2

[Event "Corr"]
[Site "?"]
[Date "2004.03.17"]
[Round "?"]
[White "Van Deursen Peter"]
[Black "Tew Paul"]
[Result "1-0"]
[WhiteElo "2191"]
[BlackElo "1934"]
[PlyCount "57"]
[EventDate "2004.??.??"]
[Source "www.chesslib.no"]
[SourceDate "2004.05.04"]

1. d4 f5 2. Qd3 d6 3. g4 fxg4 4. h3 g3 5. Qxg3 Nf6 6. Bg2 Nc6 7. Nf3 Bf5 8. c4 e6 9. Nc3 Qd7 10. Bg5 Nb4 11. O-O O-O-O 12. e4 Bg6 13. a3 Na6 14. e5 Nh5 15. Qg4 Re8 16. b4 Qf7 17. Be3 Be7 18. exd6 Bxd6 19. b5 Nb8 20. c5 Nf6 21. Qh4 Be7 22. Ne5 Qf8 23. Qg3 Nh5 24. Qh2 b6 25. Bh1 Bf6 26. Qg2 Bxe5 27. Qb7+ Kd7 28. dxe5 Qf5 29. Rad1+ 1-0

[Event "It (Open) Bajmok SCG"]
[Site "?"]
[Date "2005.12.29"]
[Round "5"]
[White "Horvat Stevica"]
[Black "Varjas Sandor"]
[Result "1/2-1/2"]
[WhiteElo "2070"]
[BlackElo "1993"]
[PlyCount "100"]
[EventDate "2005.??.??"]
[Source "www.chesslib.no"]
[SourceDate "2004.05.04"]

1. d4 f5 2. Qd3 e6 3. e4 fxe4 4. Qxe4 Nf6 5. Qh4 Nc6 6. Nf3 b6 7. a3 Bb7 8. Bd3 Ne7 9. Bg5 Nf5 10. Bxf5 exf5 11. Bxf6 Qxf6 12. Qxf6 gxf6 13. Nbd2 Bh6 14. Nh4 O-O-O 15. O-O-O Rde8 16. Rhe1 Bg5 17. Nxf5 Bxg2 18. h4 Bxd2+ 19. Kxd2 Bf3 20. Rc1 Kd8 21. c4 Bg4 22. Ne3 Bf3 23. Nf5 Bg4 24. Ng3 Bf3 25. Re3 Rxe3 26. Kxe3 Bb7 27. Kf4 d6 28. Re1 Re8 29. Rxe8+ Kxe8 30. Nf5 Bc8 31. Ne3 Be6 32. b4 a5 33. Ke4 axb4 34. axb4 Bf7 35. Nd5 Bxd5+ 36. Kxd5 Kd7 37. b5 Ke7 38. c5 dxc5 39. dxc5 bxc5 40. Kxc5 Kd7 41. Kd5 Ke7 42. Kc6 Kd8 43. h5 Kc8 44. h6 Kd8 45. f3 Kc8 46. f4 Kd8 47. f5 Kc8 48. Kc5 Kd8 49. b6 cxb6+ 50. Kxb6 Kd7 1/2-1/2

[Event "Corr"]
[Site "?"]
[Date "2004.03.16"]
[Round "?"]
[White "Tew Paul"]
[Black "Phillips Gordon"]
[Result "1/2-1/2"]
[WhiteElo "2030"]
[BlackElo "1977"]
[PlyCount "107"]
[EventDate "2004.??.??"]
[Source "www.chesslib.no"]
[SourceDate "2004.05.04"]

1. d4 f5 2. Qd3 d6 3. g4 fxg4 4. h3 Nf6 5. hxg4 Bxg4 6. f3 Bc8 7. Bg5 e5 8. dxe5 dxe5 9. Qxd8+ Kxd8 10. Nc3 Be6 11. O-O-O+ Bd6 12. Bh3 Ke7 13. Rh2 Nc6 14. Ne4 Raf8 15. e3 h6 16. Bxe6 Kxe6 17. Bxf6 gxf6 18. Ne2 f5 19. N4c3 Rfg8 20. f4 a6 21. fxe5 Bxe5 22. Nf4+ Kf7 23. Nce2 Bd6 24. Rf2 h5 25. e4 Rg4 26. exf5 h4 27. Rf3 Ne7 28. Nh3 Rh5 29. Rdf1 Be5 30. Kb1 b6 31. c3 Kf6 32. Nf2 Rg2 33. Ne4+ Kf7 34. Ng1 Rg4 35. Nd2 Kf6 36. Rh3 Nxf5 37. Ngf3 Bd6 38. Re1 Bf4 39. Ne4+ Kg7 40. Rd1 Rh8 41. Rd7+ Kg6 42. Rd3 Rg2 43. Rd5 Re2 44. Ne5+ Bxe5 45. Rxe5 Rd8 46. Rh1 Rdd2 47. Re6+ Kh5 48. Nf6+ Kg5 49. Ne4+ Kg4 50. Rg6+ Kh5 51. Rg5+ Kh6 52. Rxf5 Rxe4 53. Rg1 h3 54. Rf3 1/2-1/2

[Event "Canberra"]
[Site "?"]
[Date "2000.04.22"]
[Round "3.13"]
[White "Jones Brian"]
[Black "Beaumont David"]
[Result "1-0"]
[WhiteElo "1918"]
[BlackElo "2015"]
[PlyCount "61"]
[EventDate "2000.??.??"]
[Source "www.chesslib.no"]
[SourceDate "2004.05.04"]

1. d4 f5 2. Qd3 d5 3. g4 fxg4 4. h3 g3 5. fxg3 Nf6 6. Nc3 Nc6 7. Nf3 e6 8. Bg5 Be7 9. O-O-O Bd7 10. Bg2 Nb4 11. Qe3 c5 12. a3 Na6 13. Bxf6 Bxf6 14. Nxd5 O-O 15. Nxf6+ Qxf6 16. Ne5 cxd4 17. Rxd4 Bc6 18. Bxc6 bxc6 19. Nxc6 Rfe8 20. Rf4 Qh6 21. Re4 Qf6 22. Rd1 Rac8 23. Ne5 Nc5 24. Rc4 Nb7 25. Kb1 Na5 26. Rf4 Red8 27. Rdf1 Qh6 28. Qxa7 g5 29. Ng4 Qg7 30. Rf7 Rd1+ 31. Ka2 1-0

[Event "Seefeld Open"]
[Site "Seefeld"]
[Date "1993.??.??"]
[Round "6"]
[White "Krmelj, Natasa"]
[Black "Hengl, Christian"]
[Result "1/2-1/2"]
[WhiteElo "2045"]
[BlackElo "1880"]
[PlyCount "68"]
[EventDate "1993.??.??"]
[Source "www.chesslib.no"]
[SourceDate "2004.05.04"]

1. d4 f5 2. Qd3 d5 3. g4 fxg4 4. h3 g3 5. fxg3 Nf6 6. Bg2 c5 7. dxc5 Na6 8. Bf4 e6 9. Nc3 Nxc5 10. Qd4 Be7 11. b4 Na6 12. a3 Bd7 13. e4 dxe4 14. Nxe4 Bc6 15. Nd6+ Bxd6 16. Bxc6+ bxc6 17. Qxd6 Qxd6 18. Bxd6 O-O-O 19. Be7 Rd7 20. Bxf6 gxf6 21. Nf3 Nc7 22. c4 e5 23. Ke2 h5 24. Rad1 Rg8 25. Rxd7 Kxd7 26. Kf2 Ne6 27. Rd1+ Kc7 28. c5 Rd8 29. Rxd8 Kxd8 30. Ke3 Ke7 31. Ke4 Ng7 32. g4 hxg4 33. hxg4 Ke6 34. Nh4 Ne8 1/2-1/2

[Event "It (Open) Bethune FRA"]
[Site "?"]
[Date "2005.12.29"]
[Round "6.50"]
[White "Delbecq Jeannot"]
[Black "Serra Yannick"]
[Result "0-1"]
[WhiteElo "2108"]
[BlackElo "1782"]
[PlyCount "80"]
[EventDate "2005.??.??"]
[Source "www.chesslib.no"]
[SourceDate "2004.05.04"]

1. d4 f5 2. Qd3 d5 3. g4 fxg4 4. h3 Nf6 5. hxg4 Bxg4 6. Nh3 Qc8 7. Ng5 Bf5 8. Qb3 e6 9. Bf4 c5 10. Nc3 a6 11. Na4 Nbd7 12. Bh3 b5 13. Nxc5 Bxc5 14. Bxf5 exf5 15. dxc5 Nxc5 16. Qe3+ Kd7 17. Qe5 Kc6 18. Qd6+ Kb7 19. Be3 Ncd7 20. a4 Qc6 21. Qxc6+ Kxc6 22. Ne6 g6 23. axb5+ axb5 24. Nd4+ Kb7 25. O-O Ng4 26. Bf4 Kb6 27. f3 Ngf6 28. Be3 Kb7 29. Nxb5 Rxa1 30. Rxa1 Kc6 31. Nd4+ Kd6 32. Bf4+ Ke7 33. Ra7 h6 34. Be5 Rf8 35. b4 Ne8 36. b5 Nd6 37. Nc6+ Ke6 38. Bxd6 Kxd6 39. Ra6 Kc5 40. Ne7 Ne5 0-1

[Event "L1.2000.0.00018"]
[Site "?"]
[Date "2000.??.??"]
[Round "?"]
[White "Gallet Gilles"]
[Black "Popovic Antonije"]
[Result "1-0"]
[WhiteElo "1975"]
[BlackElo "1875"]
[PlyCount "55"]
[EventDate "2000.??.??"]
[Source "www.chesslib.no"]
[SourceDate "2004.05.04"]

1. d4 f5 2. Qd3 d5 3. c4 e6 4. g3 c5 5. cxd5 Qxd5 6. Nf3 cxd4 7. Qxd4 Qxd4 8. Nxd4 a6 9. Nc3 Bb4 10. Bg2 e5 11. Nc2 Bxc3+ 12. bxc3 Nc6 13. Ba3 Nge7 14. O-O h5 15. Ne3 h4 16. Nc4 e4 17. Nb6 Ra7 18. Bc5 Be6 19. c4 Kf7 20. Rfb1 hxg3 21. hxg3 Na5 22. Nd7 Raa8 23. Ne5+ Kf6 24. Bxe7+ Kxe5 25. f4+ exf3 26. exf3 Bxc4 27. Re1+ Kd4 28. Rac1 1-0

[Event "BRA-chJ u20W"]
[Site "Brasilia BCX"]
[Date "1999.??.??"]
[Round "5"]
[White "Sommer, Lidiene"]
[Black "Farhat, Barbara"]
[Result "0-1"]
[WhiteElo "1828"]
[BlackElo "1917"]
[PlyCount "28"]
[EventDate "1999.05.??"]
[Source "www.chesslib.no"]
[SourceDate "2004.05.04"]

1. d4 f5 2. Qd3 g6 3. g4 d6 4. c4 Bg7 5. Nc3 Nc6 6. gxf5 Bxf5 7. e4 Bd7 8. Nge2 Nf6 9. h4 e5 10. d5 Nb4 11. Qd1 a5 12. Bg5 h6 13. Be3 Ng4 14. Bd2 Nd3# 0-1